Statistics for Famous Pipe Smokers - Picture Quiz

Click here to take the quiz!

General Stats

  • This quiz has been taken 193 times
  • The average score is 11 of 20

Answer Stats

Answer% Correct
Albert Einstein
98%
Popeye
94%
Joseph Stalin
90%
Mark Twain
85%
Sherlock Holmes
82%
Hugh Hefner
74%
Bing Crosby
72%
J. R. R. Tolkien
72%
Johann Sebastian Bach
66%
Frosty the Snowman
65%
Edwin Hubble
59%
Douglas Macarthur
56%
Buzz Aldrin
53%
Roald Amundsen
42%
Harold Wilson
31%
Clement Attlee
29%
Rob Ford
19%
Tony Benn
19%
Alan Dulles
8%
George Lincoln Rockwell
4%

Score Distribution

Percentile by Number Answered

Percent of People with Each Score

Your Score History

You have not taken this quiz